000 00602nam a22002297a 4500
003 UA-OsUOA
001 95937
007 ta
008 20130312b un ||||| |||| 00| 0 ukr d
100 _aКрым А.
090 _a821.161.1
_bК85
942 _cBK
040 _aUA-OsUOA
_brus
_cUA-OsUOA
_dUA-OsUOA
245 _aЧакона
_bповесть
300 _a243 с.
955 _a3
041 _arus
080 _a821.161.1
260 _aК.
_bРадянський письменник
_c1986
650 7 _a82 Література. Літературознавство
_2UDC
999 _c382183
_d382183